<?xml version="1.0" encoding="UTF-8"?>
<record
    xmlns:xsi="http://www.w3.org/2001/XMLSchema-instance"
    xsi:schemaLocation="http://www.loc.gov/MARC21/slim http://www.loc.gov/standards/marcxml/schema/MARC21slim.xsd"
    xmlns="http://www.loc.gov/MARC21/slim">

  <leader>01022nam a2200277   4500</leader>
  <datafield tag="952" ind1=" " ind2=" ">
    <subfield code="a">0001</subfield>
    <subfield code="b">0001</subfield>
    <subfield code="d">2019-08-01</subfield>
    <subfield code="l">0</subfield>
    <subfield code="o">956.1023 A94t 2010</subfield>
    <subfield code="p">011914</subfield>
    <subfield code="r">2019-08-01 00:00:00</subfield>
    <subfield code="w">2019-08-01</subfield>
    <subfield code="y">BKS</subfield>
  </datafield>
  <datafield tag="999" ind1=" " ind2=" ">
    <subfield code="c">13458</subfield>
    <subfield code="d">13458</subfield>
  </datafield>
  <controlfield tag="003">MIRAKIL</controlfield>
  <controlfield tag="005">20190801121106.0</controlfield>
  <controlfield tag="008">190801b        tu ||||| |||| 00| 0 tur d</controlfield>
  <datafield tag="020" ind1=" " ind2=" ">
    <subfield code="a">9786051062914</subfield>
  </datafield>
  <datafield tag="040" ind1=" " ind2=" ">
    <subfield code="a">TR-AnCHP</subfield>
    <subfield code="c">TR-AnCHP</subfield>
  </datafield>
  <datafield tag="041" ind1=" " ind2=" ">
    <subfield code="a">tur</subfield>
  </datafield>
  <datafield tag="082" ind1=" " ind2=" ">
    <subfield code="a">956.1023</subfield>
    <subfield code="b">A94t 2010</subfield>
  </datafield>
  <datafield tag="100" ind1=" " ind2=" ">
    <subfield code="a">Aykut, Mehmet &#x15E;eref</subfield>
  </datafield>
  <datafield tag="245" ind1="1" ind2="0">
    <subfield code="a">Trakya milli m&#xFC;cadele tarihi :</subfield>
    <subfield code="b">Malta hat&#x131;rat&#x131; ve Malta'da T&#xFC;rkler / </subfield>
    <subfield code="c">Haz&#x131;rlayan Hasan Berke Dilan; Mehmet &#x15E;eref Aykut</subfield>
  </datafield>
  <datafield tag="246" ind1=" " ind2=" ">
    <subfield code="a">Malta hat&#x131;rat&#x131; ve Malta'da T&#xFC;rkler</subfield>
  </datafield>
  <datafield tag="260" ind1=" " ind2=" ">
    <subfield code="a">&#x130;stanbul:</subfield>
    <subfield code="b">Alfa yay&#x131;nlar&#x131;,</subfield>
    <subfield code="c">2010.</subfield>
    <subfield code="f">Melisa Matbaac&#x131;l&#x131;k.</subfield>
  </datafield>
  <datafield tag="300" ind1=" " ind2=" ">
    <subfield code="a">380 s.:</subfield>
    <subfield code="b">fotg.;</subfield>
    <subfield code="c">21 sm.</subfield>
  </datafield>
  <datafield tag="490" ind1="0" ind2=" ">
    <subfield code="a">Alfa yay&#x131;nlar&#x131;;</subfield>
    <subfield code="a">An&#x131;-Anlat&#x131;;</subfield>
    <subfield code="v">2154</subfield>
    <subfield code="v">22.</subfield>
  </datafield>
  <datafield tag="504" ind1=" " ind2=" ">
    <subfield code="a">Dizin vard&#x131;r.</subfield>
  </datafield>
  <datafield tag="600" ind1=" " ind2="0">
    <subfield code="9">5940</subfield>
    <subfield code="a">Aykut, Mehmet &#x15E;eref</subfield>
    <subfield code="d">1874-1939</subfield>
    <subfield code="x">An&#x131;lar</subfield>
  </datafield>
  <datafield tag="650" ind1=" " ind2="0">
    <subfield code="9">4</subfield>
    <subfield code="a">T&#xFC;rkiye</subfield>
    <subfield code="x">Tarih</subfield>
    <subfield code="y">Milli m&#xFC;cadele d&#xF6;nemi</subfield>
  </datafield>
  <datafield tag="650" ind1=" " ind2="0">
    <subfield code="9">5055</subfield>
    <subfield code="a">Siyaset&#xE7;iler</subfield>
    <subfield code="x">An&#x131;lar</subfield>
    <subfield code="z">T&#xFC;rkiye</subfield>
  </datafield>
  <datafield tag="700" ind1=" " ind2=" ">
    <subfield code="9">5941</subfield>
    <subfield code="a">Dilan, Hasan Berke</subfield>
    <subfield code="e">haz.</subfield>
  </datafield>
  <datafield tag="740" ind1=" " ind2=" ">
    <subfield code="a">Malta hat&#x131;rat&#x131; ve Malta'da T&#xFC;rkler</subfield>
  </datafield>
  <datafield tag="942" ind1=" " ind2=" ">
    <subfield code="2">ddc</subfield>
    <subfield code="c">BKS</subfield>
  </datafield>
</record>
